000 00672nam a22002177a 4500
003 UA-OsUOA
001 104809
007 ta
008 20140129b un ||||| |||| 00| 0 ukr d
100 _aГнатик І.І,
090 _a330(477)
_bГ56
942 _cSA
040 _aUA-OsUOA
_bukr
_cUA-OsUOA
_dUA-OsUOA
245 _aТеоеретичні основи формування цінової політики комерційного банку
300 _aС.33-37
955 _a0
041 _aukr
080 _a330(477)
773 0 _w104806
_tЕкономіка. Фінанси. Право.
_dК.
_d2014
_g1
650 7 _a330 Економіка взагалі
_2UDC
999 _c391088
_d391088